000 00437pab a2200157 454500
008 180718b2008 xxu||||| |||| 00| 0 eng d
100 _aWarner, Mildred E.
245 _aCompetition of monopoly? comparing privatization of local public services in the US and Spain
260 _c2008
300 _ap.723-35.
650 _aPublic utilities
700 _aBel, Germa
773 _aPublic Administration
908 _aN
909 _a79640
999 _c79640
_d79640